Регионална библиотека "Любен Каравелов" - Русе

Безсмъртни българи (Запис номер 445931)

MARC детайли
000 -Лидер
Контролно поле с фиксирана дължина nkm a22 a 4500
003 - Код на организацията, давaща контролен номер
Контролно поле BLK
005 - Дата и час на последна редакция
Контролно поле 20220225172007.0
008 - Елементи от данни с фиксирана дължина
fixed length control field 220224b bu ||||| |||| 00| 0|bu d
040 ## - Източник на каталожния запис
Идентификатор на билиотеката - собственик на записа BLK
041 ## - Код за език
Код за езика на текст/звукозапис или на отделно заглавие Български
Код за езика КДБФ Български
080 ## - УДК
Текстов определител УДК Средновековна и нова обща история
УДК код - определител по УДК 94
УДК определител (497.2)(084.5)
УДК - код + определител 94(497.2)(084.5)
139 ## - Редно поле
Редна дума Безсмъртни българи
245 ## - Сведения за заглавието
Заглавие Безсмъртни българи
Подзаглавни данни Пътуваща изложба : 29.09.2014 г.
Физически носител (вид на носителя) [Изобразителен материал]
Форма, вид, жанр Плакат
260 ## - Област на издателските данни
9 (RLIN) 212696
Място на издаване, разпространение и проч. Русе
Име на издателя, разпространителя и проч. Регион. библ. Любен Каравелов
Година на издаване 2014
Издателство - префикс ISBN 978-619-7404- ; 978-954-91511- ; 954-91216-
300 ## - Физическа характеристика
Страници 1 л.
Илюстрации и др. цв. печ.
Размери/Мащаб 68х48 см
380 ## - Жанр
Жанр История
500 ## - Общи забележки
Забележка Организатори : РБ "Любен Каравелов" - Русе, Фондация "Безсмъртни българи" и Сдружение "Общество Път на Мъдростта".- <br/>Откриване в сградата на Регионална библиотека - Русе.
653 #7 - Ключова дума – ненормативна
9 (RLIN) 187384
Ключова дума изложби
653 #7 - Ключова дума – ненормативна
9 (RLIN) 182572
Ключова дума българи
653 #7 - Ключова дума – ненормативна
9 (RLIN) 184118
Ключова дума герои
852 ## - Местоположение
Форматна сигнатура Цб IV 311
Фондова буква Хранилище
999 ## - СИСТЕМНИ КОНТРОЛНИ НОМЕРА
Koha biblionumber 445931
Koha biblioitemnumber 445931
942 ## - АРТИКУЛИ
Вид на библиотечния материал Листова графика
Скрит в OPAC Не
Периодичен библиозапис Да
944 ## - СЪЗДАВАНЕ И РЕДАКЦИЯ на ЗАПИСА
Създаване/Редакция Създаване
Дата на регистрацията/редакция 2022-02-24
Служител, извършил регистрацията/редакцията ВП
999 ## - СИСТЕМНИ КОНТРОЛНИ НОМЕРА
Koha biblioitemnumber 445931
Наличности
Код за отписване Код за изгубен артикул Източник на класификационната схема Код за повреда Коз за рестрикции Код за отдаване Артикулен № Име на библиотеката - собственик Име на библиотеката, в която се намира в момента Статус (Текущо местоположение) Дата на вписване в системата Местоположение - отдел Цена в лева Систематично азбучна сигнатура Баркод Цена в евро Служебен тип на артикула
  Не е изгубен Universal Decimal Classification Не е повреден само за читалня ползва се в читалня 873468 Регионална библиотека "Любен Каравелов" Русе Регионална библиотека "Любен Каравелов" Русе Хранилище 2022-03-04 Основен фонд - ползва се само за читалня 5.00 Цб IV 311 120000866577 2.56 Листова графика
Vip Innovations Ltd, Rousse, Bulgaria 2025